Navegación de vehículos autónomos subacuáticos basados en control por visión /

Guardado en:
Otros Autores: Berger, Carlos Enrique. (Disertante), Jordán, Mario Alberto. (Orientador)
Formato: Manuscrito
Idioma:Spanish
Publicado: 2014.
Materias:
Acceso en línea:Texto completo
Etiquetas: Agregar Etiqueta
Sin Etiquetas, Sea el primero en etiquetar este registro!
LEADER 01301ntm a22003015a 4500
001 EUN.eunm006794
008 170208s2014####ag#######bm###000#0#spa#d
005 20200714115203.0
245 1 0 |a Navegación de vehículos autónomos subacuáticos basados en control por visión /  |c Carlos Enrique Berger. 
260 |c 2014. 
300 |a xxviii, 166 p. :  |b il. col. ;  |c 30 cm. 
500 |a Director de tesis: Mario Alberto Jordán. 
500 |a "Tesis Doctoral en Control de Sistemas". 
502 |a Tesis (doctoral)--Universidad Nacional del Sur. Departamento de Ingeniería Eléctrica y de Computadoras, 2014. 
504 |a Incluye referencias bibliográficas. 
530 |a Disponible también en formato digital. 
100 1 |a Berger, Carlos Enrique.  |4 dis 
700 1 |a Jordán, Mario Alberto.  |4 ths 
710 2 |a Universidad Nacional del Sur.  |b Departamento de Ingeniería Eléctrica y de Computadoras  |4 dgg. 
082 0 4 |a 040  |2 15 
082 0 4 |a 629.8  |2 21 
082 0 4 |a 623.8205  |2 21 
650 7 |a Ingeniería.  |2 unbist 
653 |a Sistemas de control 
653 |a Vehículos subacuáticos autónomos 
653 |a Sistemas de visión 
856 4 1 |3 Texto completo  |u http://repositoriodigital.uns.edu.ar/handle/123456789/3146 
859 |a AR-BaUNS  |b BIB. CENTRAL - Tesis  |h 040  |i B148 2014-1341b  |k R  |p 125940/017